Largest City By Climate Type in Brazil - Statistics

General Stats
  • This quiz has been taken 7 times
  • The average score is 5 of 7
Answer Stats
Climate Type City % Correct
Am (Tropical monsoon) Manaus
100%
Aw (Tropical savannah) Rio de Janeiro
100%
Cfb (Oceanic) Curitiba
86%
Af (Tropical rainforest) Salvador
86%
Cfa (Humid subtropical) São Paulo
86%
BSh (Hot semi-arid) Petrolina
14%
Cwa (Humid subtropical) Juiz de Fora
0%
No matching quizzes found
Score Distribution
Percent of People with Each Score
Percentile by Number Answered
Your Score History
You have not taken this quiz